<?xml version="1.0" encoding="UTF-8"?><?xml-stylesheet type="text/xsl" href="static/style.xsl"?><OAI-PMH xmlns="http://www.openarchives.org/OAI/2.0/" xmlns:xsi="http://www.w3.org/2001/XMLSchema-instance" xsi:schemaLocation="http://www.openarchives.org/OAI/2.0/ http://www.openarchives.org/OAI/2.0/OAI-PMH.xsd"><responseDate>2026-04-30T00:47:46Z</responseDate><request verb="GetRecord" identifier="oai:uvadoc.uva.es:10324/12054" metadataPrefix="marc">https://uvadoc.uva.es/oai/request</request><GetRecord><record><header><identifier>oai:uvadoc.uva.es:10324/12054</identifier><datestamp>2021-06-29T10:44:36Z</datestamp><setSpec>com_10324_38</setSpec><setSpec>col_10324_852</setSpec></header><metadata><record xmlns="http://www.loc.gov/MARC21/slim" xmlns:doc="http://www.lyncode.com/xoai" xmlns:xsi="http://www.w3.org/2001/XMLSchema-instance" xmlns:dcterms="http://purl.org/dc/terms/" xsi:schemaLocation="http://www.loc.gov/MARC21/slim http://www.loc.gov/standards/marcxml/schema/MARC21slim.xsd">
<leader>00925njm 22002777a 4500</leader>
<datafield tag="042" ind1=" " ind2=" ">
<subfield code="a">dc</subfield>
</datafield>
<datafield tag="720" ind1=" " ind2=" ">
<subfield code="a">Martín Díaz, Marina</subfield>
<subfield code="e">author</subfield>
</datafield>
<datafield tag="260" ind1=" " ind2=" ">
<subfield code="c">2015</subfield>
</datafield>
<datafield tag="520" ind1=" " ind2=" ">
<subfield code="a">El tema de este Trabajo de Fin de Grado es el pensamiento y el lenguaje de los niños entre 3 y 6 años. Pensar es para el ser humano algo primordial, es la base del lenguaje y otros aprendizajes. El trabajo incluye una pequeña investigación realizada con cinco sujetos de edades comprendidas en el rango mencionado, para conocer el grado de autonomía a la hora de pensar y expresar sus pensamientos. Las observaciones de las grabaciones realizadas indican que los niños tienen poco margen para la libertad de pensamiento en las conversaciones con los adultos, ya que éstos tienden a ofrecerles un tiempo muy breve para responder o a contestar antes que los niños, lo que les cierra esa posibilidad de pensamiento autónomo. Como complemento, se propone una serie de actividades para familias que bien puede favorecer el desarrollo del pensamiento y el lenguaje infantil logrando una mayor evolución del niño y por tanto, favorecer su desarrollo integral.</subfield>
</datafield>
<datafield tag="024" ind2=" " ind1="8">
<subfield code="a">http://uvadoc.uva.es/handle/10324/12054</subfield>
</datafield>
<datafield ind1=" " ind2=" " tag="653">
<subfield code="a">Psicolingüística</subfield>
</datafield>
<datafield ind1=" " ind2=" " tag="653">
<subfield code="a">Niños-Lenguaje</subfield>
</datafield>
<datafield tag="245" ind1="0" ind2="0">
<subfield code="a">Pensar y expresarse: una propuesta de intervención con niños de 3-6 años</subfield>
</datafield>
</record></metadata></record></GetRecord></OAI-PMH>